Persepsi dan kenyataan seperti yang tergambar dalam dialek Kedah (Record no. 26104)

MARC details
000 -LEADER
fixed length control field 00719nam a2200241 i 4500
001 - CONTROL NUMBER
control field C2-0106523
003 - CONTROL NUMBER IDENTIFIER
control field PPAK
005 - DATE AND TIME OF LATEST TRANSACTION
control field 20180727102024.0
008 - FIXED-LENGTH DATA ELEMENTS--GENERAL INFORMATION
fixed length control field 970617s1980 my |||| ||||| | may d
040 ## - CATALOGING SOURCE
Original cataloging agency PPAK
Language of cataloging eng
Transcribing agency PPAK
Description conventions rda
082 04 - DEWEY DECIMAL CLASSIFICATION NUMBER
Classification number 499.23
Edition number 23
090 00 - LOCALLY ASSIGNED LC-TYPE CALL NUMBER (OCLC); LOCAL CALL NUMBER (RLIN)
Classification number (OCLC) (R) ; Classification number, CALL (RLIN) (NR) 499.23
Feature heading ASM
Feature heading KK
100 0# - MAIN ENTRY--PERSONAL NAME
Personal name Asmah Haji Omar,
Relator term author
245 10 - TITLE STATEMENT
Title Persepsi dan kenyataan seperti yang tergambar dalam dialek Kedah
264 #1 - PRODUCTION, PUBLICATION, DISTRIBUTION, MANUFACTURE, AND COPYRIGHT NOTICE
Place of production, publication, distribution, manufacture [Kuala Lumpur] :
Name of producer, publisher, distributor, manufacturer [Dewan Bahasa dan Pustaka] ,
Date of production, publication, distribution, manufacture, or copyright notice [1980]
300 ## - PHYSICAL DESCRIPTION
Extent 24 pages ;
Dimensions 22 cm
336 ## - CONTENT TYPE
Source rdacontent
Content type term text
337 ## - MEDIA TYPE
Source rdamedia
Media type term unmediated
338 ## - CARRIER TYPE
Source rdacarrier
Carrier type term volume
500 ## - GENERAL NOTE
General note Dipetik dari Dewan Bahasa, Disember 1980
650 10 - SUBJECT ADDED ENTRY--TOPICAL TERM
Topical term or geographic name entry element Malay Language
942 ## - ADDED ENTRY ELEMENTS (KOHA)
-- dc
Koha item type Book
Holdings
Withdrawn Not for loan Current library Shelving location Date acquired Full call number Barcode Date last seen Koha item type
  Not For Loan Perpustakaan Alor Setar Koleksi Kedah 18/01/1998 KK 499.23 ASM A00151196 08/05/2018 Book